000 01108nam a22002657a 4500
001 BD-DhSAU
003 BD-DhSAU
005 20250721122401.0
008 150420b2005 bg ||||| m||| 00| 0 eng d
040 _aBD-DhSAU
082 _222
_a595.7
_bAk79
100 _aAKTHER, LIZA
_eRegistration No. # 14-06168
245 _aEco-friendly management against insect pests of bottle gourd with the emphasis on intercropping and different traps /
_bMS thesis
260 _aSher-e-Bangla Agricultural University:
_bDepartment of Entomology,
_c2022.
300 _avii, 75p. ;
_c30 cm.
500 _aMS thesis of Department of Entomology, Faculty of Agriculture, Sher-e-Bangla Agricultural University, Dhaka, Bangladesh
504 _aIncludes bibliographical reference.
590 _aNazmul
650 _ainsect pests of bottle gourd
651 _aemphasis on intercropping
700 _aProfessor Dr. Tahmina Akter
_eSuperviser
700 _aProfessor Dr. Ayesha Akter
_eCo-superviser
856 _uhttp://archive.saulibrary.edu.bd:8080/xmlui/handle/123456789/5313
942 _2ddc
_cTHESIS
999 _c17622
_d17621